|
|
|
|
| LEADER |
00698nta a2200205 i 4500 |
| 001 |
dokt7007 |
| 005 |
20220713120936.0 |
| 008 |
220713s1982 hu om 0|| hun d |
| 040 |
|
|
|a SZTE Doktori Repozitórium
|b hun
|
| 041 |
|
|
|a hun
|
| 100 |
1 |
|
|a Horváth Klára
|
| 245 |
1 |
0 |
|a Prolaktin bioszintézis a terhes humán deciduában in vitro
|h [elektronikus dokumentum] /
|c Horváth Klára
|
| 260 |
|
|
|c 1982
|
| 502 |
|
|
|a Disszertacio
|
| 650 |
|
4 |
|a klinikai orvostudományok
|
| 650 |
|
4 |
|a Orvos- és egészségtudomány
|
| 650 |
|
4 |
|a Klinikai orvostan
|
| 695 |
|
|
|a Szülészet
|
| 700 |
1 |
|
|a Sas Mihály
|e ths
|
| 856 |
4 |
0 |
|u https://doktori.bibl.u-szeged.hu/id/eprint/7007/1/1982_horvath_klara.pdf
|z Dokumentum-elérés
|